|
|
|
|
| LEADER |
00000nam0a2200000 4500 |
| 001 |
158876 |
| 005 |
20231101222052.0 |
| 035 |
|
|
|a (RuTPU)RU\TPU\book\172308
|
| 090 |
|
|
|a 158876
|
| 100 |
|
|
|a 20090429d k y0rusy50 ca
|
| 101 |
0 |
|
|a rus
|
| 102 |
|
|
|a RU
|
| 105 |
|
|
|a y l 000zy
|
| 200 |
1 |
|
|a Сборник норм расхода химреагентов и спецматериалов для нефтяных и газовых акционерных обществ регионов Поволжья (данные производства)
|f Всероссийский научно-исследовательский институт организации, управления и экономики нефтегазовой промышленности (ОАО ВНИИОЭНГ)
|
| 210 |
|
|
|a Москва
|c ВНИИОЭНГ
|d 2000
|
| 215 |
|
|
|a 18 с.
|
| 606 |
1 |
|
|a Нефтедобывающие предприятия
|x Материально-техническое снабжение
|2 stltpush
|3 (RuTPU)RU\TPU\subj\45658
|9 64851
|
| 610 |
1 |
|
|a нефтяные акционерные общества
|
| 610 |
1 |
|
|a газовые акционерные общества
|
| 610 |
1 |
|
|a специальные материалы
|
| 610 |
1 |
|
|a химреагенты
|
| 610 |
1 |
|
|a расход
|
| 610 |
1 |
|
|a нормы
|
| 610 |
1 |
|
|a Поволжье
|
| 675 |
|
|
|a 622.323.012:658.7
|v 3
|
| 712 |
0 |
2 |
|a Всероссийский научно-исследовательский институт организации, управления и экономики нефтегазовой промышленности (ОАО ВНИИОЭНГ)
|2 stltpush
|3 (RuTPU)RU\TPU\col\5641
|
| 801 |
|
1 |
|a RU
|b 63413507
|c 20090429
|g PSBO
|
| 801 |
|
2 |
|a RU
|b 63413507
|c 20091021
|g RCR
|
| 942 |
|
|
|c BK
|
| 959 |
|
|
|a 56/20090428
|d 1
|e 4400,00
|f ЧЗТЛ:1
|